Library Banner

Desert warriors (Record no. 82884)

MARC details
000 -LEADER
fixed length control field 00355nam a22001337a 4500
005 - DATE AND TIME OF LATEST TRANSACTION
control field 20160216152703.0
008 - FIXED-LENGTH DATA ELEMENTS--GENERAL INFORMATION
fixed length control field 160216b xxu||||| |||| 00| 0 eng d
040 ## - CATALOGING SOURCE
Transcribing agency PK-LaUMT
082 ## - DEWEY DECIMAL CLASSIFICATION NUMBER
Classification number AMC 956.7043
Item number DES-
245 ## - TITLE STATEMENT
Title Desert warriors
Remainder of title the man and women who won the gulf war
260 ## - PUBLICATION, DISTRIBUTION, ETC. (IMPRINT)
Place of publication, distribution, etc New York
Name of publisher, distributor, etc Pocket books
Date of publication, distribution, etc [ ]
300 ## - PHYSICAL DESCRIPTION
Extent 213 p.
942 ## - ADDED ENTRY ELEMENTS (KOHA)
Koha item type Books
Holdings
Withdrawn status Lost status Damaged status Home library Current library Date acquired Full call number Barcode Date last seen Price effective from Koha item type
      UMT Main Campus UMT Main Campus 2016-02-16 AMC 956.7043 DES- 85644 2016-02-16 2016-02-16 Books